[Event "Skakligaen 2004-05"]
[Site "Denmark"]
[Date "2005.03.06"]
[Round "6.1"]
[White "Hillarp Persson, Tiger"]
[Black "Pedersen, Christian Kyndel"]
[Result "1/2-1/2"]
[WhiteElo "2511"]
[BlackElo "2381"]
[PlyCount "155"]
[EventDate "2004.11.06"]
[EventType "team"]
[EventRounds "7"]
[EventCountry "DEN"]
[SourceDate "2004.11.06"]
[WhiteTeam "Bronshoj"]
[BlackTeam "Nordre"]
[WhiteTeamCountry "DEN"]
[BlackTeamCountry "DEN"]

1. c4 e5 2. Nc3 Nf6 3. g3 Bb4 4. Bg2 O-O 5. e4 Bxc3 6. dxc3 d6 7. Ne2 Be6 8. b3
Nbd7 9. h3 Nc5 10. g4 c6 11. Be3 Nfxe4 12. b4 Bxc4 13. bxc5 Nxc5 14. Bxc5 dxc5
15. Qxd8 Rfxd8 16. Ng3 Rd7 17. Ne4 b6 18. Nd2 Bd5 19. Be4 Kf8 20. Ke2 Ke7 21.
a4 c4 22. Rab1 Kd6 23. Rb4 Kc5 24. Rhb1 Rb8 25. Bf5 Rd6 26. Ke3 Rdd8 27. Rxc4+
Bxc4 28. Ne4+ Kd5 29. Rd1+ Bd3 30. Rxd3+ Kc4 31. Nd2+ Kc5 32. Ne4+ Kc4 33. Nd6+
Kb3 34. Be4 b5 35. axb5 cxb5 36. Rd1 Rb6 37. Rb1+ Kxc3 38. Nxb5+ Kc4 39. Na3+
Kc3 40. Nb5+ Kc4 41. Na3+ Kc3 42. Rb5 Rxb5 43. Nxb5+ Kc4 44. Nxa7 Kc5 45. Nc6
Re8 46. Na5 Kd6 47. Nc4+ Kc5 48. Nd2 Kd6 49. h4 g6 50. Bd3 h6 51. Ke4 Ke6 52.
Bc4+ Kf6 53. Nf3 Kg7 54. g5 hxg5 55. hxg5 f6 56. gxf6+ Kxf6 57. Nh2 Kg5 58. Bd3
Rf8 59. Nf3+ Kf6 60. Nh2 Kg5 61. f3 Rh8 62. Ng4 Re8 63. Bc4 Re7 64. Bd5 Re8 65.
Bc6 Re7 66. Ne3 Rc7 67. Bd5 Re7 68. Bc4 Re8 69. Nd5 Rf8 70. Be2 Re8 71. Bb5 Rf8
72. Be2 Re8 73. Bd1 Re6 74. Ba4 Ra6 75. Bd7 Rd6 76. Bg4 Rxd5 77. Kxd5 Kf4 78.
Bd7 1/2-1/2

[Event "Skakligaen 2004-05"]
[Site "Denmark"]
[Date "2005.03.06"]
[Round "6.3"]
[White "Pilgaard, Kim"]
[Black "Petersen, Tom Petri"]
[Result "1-0"]
[WhiteElo "2400"]
[BlackElo "2228"]
[PlyCount "85"]
[EventDate "2004.11.06"]
[EventType "team"]
[EventRounds "7"]
[EventCountry "DEN"]
[SourceDate "2004.11.06"]
[WhiteTeam "Bronshoj"]
[BlackTeam "Nordre"]
[WhiteTeamCountry "DEN"]
[BlackTeamCountry "DEN"]

1. e4 g6 2. d4 Bg7 3. Nc3 d6 4. Be3 c6 5. g3 Nd7 6. Bg2 e5 7. Nge2 Ngf6 8. h3
O-O 9. O-O Re8 10. Re1 Nb6 11. b3 exd4 12. Bxd4 d5 13. exd5 Nbxd5 14. Na4 Nc7
15. c4 Bf5 16. g4 Bc8 17. Nac3 Ne6 18. Be3 Qa5 19. Bd2 Qc7 20. Qc2 Bd7 21. Rad1
Rad8 22. Be3 Bc8 23. b4 b6 24. Qb3 h5 25. g5 Nh7 26. h4 Bb7 27. c5 bxc5 28.
bxc5 Ba6 29. Qa4 Bxe2 30. Nxe2 Rxd1 31. Rxd1 Nhf8 32. Qxc6 Qxc6 33. Bxc6 Rc8
34. Bb7 Rb8 35. c6 Nc7 36. Bxa7 Re8 37. Be3 Re4 38. Rd8 Kh7 39. Rd7 Nxd7 40.
cxd7 Rg4+ 41. Kf1 Ne6 42. Bd5 Nd8 43. Bb6 1-0

[Event "Skakligaen 2004-05"]
[Site "Denmark"]
[Date "2005.03.06"]
[Round "6.4"]
[White "Nielsen, Poul Erik"]
[Black "Bromann, Thorbjorn"]
[Result "1/2-1/2"]
[WhiteElo "2211"]
[BlackElo "2339"]
[PlyCount "26"]
[EventDate "2004.11.06"]
[EventType "team"]
[EventRounds "7"]
[EventCountry "DEN"]
[SourceDate "2004.11.06"]
[WhiteTeam "Nordre"]
[BlackTeam "Bronshoj"]
[WhiteTeamCountry "DEN"]
[BlackTeamCountry "DEN"]

1. g3 d5 2. Bg2 e5 3. d3 Nc6 4. a3 Be6 5. b4 Qd7 6. Nd2 h5 7. h4 Nh6 8. Bb2 f6
9. c4 Ng4 10. Ngf3 a5 11. b5 Bc5 12. O-O Ne7 13. d4 exd4 1/2-1/2

[Event "Skakligaen 2004-05"]
[Site "Denmark"]
[Date "2005.03.06"]
[Round "6.5"]
[White "Brinck Claussen, Bjorn"]
[Black "Hoiberg, Nina"]
[Result "1-0"]
[WhiteElo "2306"]
[BlackElo "2180"]
[PlyCount "81"]
[EventDate "2004.11.06"]
[EventType "team"]
[EventRounds "7"]
[EventCountry "DEN"]
[SourceDate "2004.11.06"]
[WhiteTeam "Bronshoj"]
[BlackTeam "Nordre"]
[WhiteTeamCountry "DEN"]
[BlackTeamCountry "DEN"]

1. e4 e5 2. Nf3 Nc6 3. Bb5 Nd4 4. Nxd4 exd4 5. O-O Bc5 6. Bc4 d6 7. Qh5 Qe7 8.
d3 Nf6 9. Qh4 O-O 10. Bg5 c6 11. Nd2 h6 12. Bxf6 Qxf6 13. Qxf6 gxf6 14. a4 Be6
15. Nb3 Bxc4 16. dxc4 Rfe8 17. Nxc5 dxc5 18. f3 Rad8 19. Rfd1 Kg7 20. Kf2 h5
21. Ra3 Kg6 22. Re1 f5 23. exf5+ Kxf5 24. Rxe8 Rxe8 25. h4 Re7 26. Ra1 Re3 27.
a5 Ke5 28. Re1 Rxe1 29. Kxe1 f5 30. g3 Kf6 31. Kf2 Ke5 32. Kg2 Kf6 33. Kh3 Kg6
34. g4 b6 35. a6 b5 36. b3 b4 37. g5 f4 38. Kg2 Kf5 39. Kf2 d3 40. Ke1 dxc2 41.
Kd2 1-0

[Event "Skakligaen 2004-05"]
[Site "Denmark"]
[Date "2005.03.06"]
[Round "6.6"]
[White "Pedersen, Karl"]
[Black "Carstensen, Jacob"]
[Result "0-1"]
[WhiteElo "2239"]
[BlackElo "2290"]
[PlyCount "64"]
[EventDate "2004.11.06"]
[EventType "team"]
[EventRounds "7"]
[EventCountry "DEN"]
[SourceDate "2004.11.06"]
[WhiteTeam "Nordre"]
[BlackTeam "Bronshoj"]
[WhiteTeamCountry "DEN"]
[BlackTeamCountry "DEN"]

1. e4 c5 2. Nc3 Nc6 3. g3 g6 4. Bg2 Bg7 5. d3 e6 6. Be3 d6 7. Qd2 Rb8 8. f4
Nge7 9. Nf3 Nd4 10. O-O b5 11. Nd1 O-O 12. c3 Nxf3+ 13. Bxf3 b4 14. c4 Qc7 15.
d4 cxd4 16. Bxd4 e5 17. Bf2 Bh3 18. Re1 Qxc4 19. Qxd6 Nc6 20. Ne3 Qe6 21. Qxe6
fxe6 22. Rac1 Rbc8 23. Nc4 exf4 24. Be2 fxg3 25. Bxg3 Nd4 26. Bf2 Rf4 27. Bg3
Rxe4 28. Bf1 Bxf1 29. Nd6 Rxc1 30. Rxc1 Ba6 31. Rc7 Re2 32. Rxa7 Bd3 0-1

[Event "Skakligaen 2004-05"]
[Site "Denmark"]
[Date "2005.03.06"]
[Round "6.7"]
[White "Petersen, Steen"]
[Black "Danstrup, Niels"]
[Result "0-1"]
[WhiteElo "2138"]
[BlackElo "2129"]
[PlyCount "90"]
[EventDate "2004.11.06"]
[EventType "team"]
[EventRounds "7"]
[EventCountry "DEN"]
[SourceDate "2004.11.06"]
[WhiteTeam "Bronshoj"]
[BlackTeam "Nordre"]
[WhiteTeamCountry "DEN"]
[BlackTeamCountry "DEN"]

1. e4 d6 2. d4 Nf6 3. Nc3 g6 4. Be3 c6 5. Qd2 b5 6. Bd3 Nbd7 7. Nf3 e5 8. O-O
a6 9. Rfe1 Bg7 10. h3 O-O 11. Rad1 Bb7 12. dxe5 dxe5 13. Ne2 Qc7 14. c4 Rfd8
15. Qc2 c5 16. Nc3 b4 17. Nd5 Nxd5 18. cxd5 Rac8 19. Rc1 Bf8 20. Qe2 a5 21. Bb5
Nf6 22. Nd2 Qb6 23. Bd3 a4 24. Bg5 Bg7 25. Nc4 Qc7 26. d6 Qb8 27. Qf3 Rxd6 28.
Nxd6 Qxd6 29. Red1 Qc6 30. Bxf6 Qxf6 31. Qe3 Bf8 32. Bc4 Bc6 33. Rd2 Qh4 34.
Qf3 Bh6 35. Bxf7+ Kh8 36. g3 Qe7 37. Rcd1 Bxd2 38. Rxd2 Rf8 39. Qd3 Rxf7 40.
Qa6 Bxe4 41. Qxa4 Qg5 42. Rd1 Qf5 43. f4 exf4 44. g4 Qe6 45. Qb5 Bc6 0-1

[Event "Skakligaen 2004-05"]
[Site "Denmark"]
[Date "2005.03.06"]
[Round "6.8"]
[White "Hansen, Per"]
[Black "Aabling Thomsen, Jakob"]
[Result "1-0"]
[WhiteElo "2158"]
[BlackElo "2128"]
[PlyCount "73"]
[EventDate "2004.11.06"]
[EventType "team"]
[EventRounds "7"]
[EventCountry "DEN"]
[SourceDate "2004.11.06"]
[WhiteTeam "Nordre"]
[BlackTeam "Bronshoj"]
[WhiteTeamCountry "DEN"]
[BlackTeamCountry "DEN"]

1. d4 Nf6 2. c4 e6 3. Nc3 Bb4 4. e3 O-O 5. Bd3 Bxc3+ 6. bxc3 d6 7. Ne2 e5 8.
Ng3 c5 9. d5 Re8 10. e4 Nbd7 11. O-O Nf8 12. f4 Ng4 13. h3 exf4 14. Bxf4 Ne5
15. Rb1 Nfg6 16. Be3 b6 17. Nf5 Ba6 18. Qh5 f6 19. Bh6 Re7 20. Be2 gxh6 21.
Nxh6+ Kh8 22. Rxf6 Rg7 23. Rbf1 Qd7 24. Nf5 Rf7 25. Nxd6 Rxf6 26. Rxf6 Rg8 27.
Bg4 Nxg4 28. Rf7 Nf6 29. Rxf6 Rg7 30. e5 Qe7 31. Qf5 Kg8 32. Re6 Nh4 33. Rxe7
Rxe7 34. Qg5+ Ng6 35. e6 Rg7 36. Qd8+ Nf8 37. e7 1-0

[Event "Skakligaen 2004-05"]
[Site "Denmark"]
[Date "2005.03.06"]
[Round "6.1"]
[White "Hermansson, Emil"]
[Black "Sorensen, Jan"]
[Result "1/2-1/2"]
[WhiteElo "2414"]
[BlackElo "2412"]
[PlyCount "39"]
[EventDate "2004.11.06"]
[EventType "team"]
[EventRounds "7"]
[EventCountry "DEN"]
[SourceDate "2004.11.06"]
[WhiteTeam "K41"]
[BlackTeam "Skolerne"]
[WhiteTeamCountry "DEN"]
[BlackTeamCountry "DEN"]

1. e4 e6 2. d4 d5 3. Nc3 Bb4 4. e5 Ne7 5. a3 Bxc3+ 6. bxc3 c5 7. Qg4 cxd4 8.
Qxg7 Rg8 9. Qxh7 Qc7 10. Ne2 dxc3 11. f4 Nbc6 12. Qd3 b6 13. Nxc3 Nf5 14. Bd2
Ncd4 15. Nb5 Nxb5 16. Qxb5+ Bd7 17. Qd3 Rc8 18. c3 Qc5 19. Qh3 Bb5 20. g4
1/2-1/2

[Event "Skakligaen 2004-05"]
[Site "Denmark"]
[Date "2005.03.06"]
[Round "6.2"]
[White "Pedersen, Finn"]
[Black "El Kher, Henrik"]
[Result "1/2-1/2"]
[WhiteElo "2375"]
[BlackElo "2430"]
[PlyCount "143"]
[EventDate "2004.11.06"]
[EventType "team"]
[EventRounds "7"]
[EventCountry "DEN"]
[SourceDate "2004.11.06"]
[WhiteTeam "Skolerne"]
[BlackTeam "K41"]
[WhiteTeamCountry "DEN"]
[BlackTeamCountry "DEN"]

1. d4 Nf6 2. Nf3 c5 3. c3 e6 4. Bg5 Qb6 5. Qb3 Ne4 6. e3 Nxg5 7. Nxg5 d5 8. Nd2
Nc6 9. f4 Be7 10. Ngf3 Qc7 11. g3 Bd7 12. Bg2 O-O-O 13. O-O Kb8 14. Rac1 f6 15.
Kh1 Rc8 16. Rfe1 Rhd8 17. Qc2 h6 18. a3 g5 19. b4 cxb4 20. cxb4 g4 21. Ng1 Qd6
22. Qa2 a5 23. b5 Na7 24. a4 Qa3 25. Ra1 Rc3 26. Qb1 Qb4 27. e4 dxe4 28. Qxe4
Bc8 29. Ne2 f5 30. Qe5+ Bd6 31. Qf6 Rf8 32. Qxh6 Rc2 33. Nf1 Ra2 34. Qg7 Rxa1
35. Rxa1 Re8 36. Rc1 Re7 37. Qg8 Rc7 38. Rxc7 Bxc7 39. d5 Qxa4 40. dxe6 Qc4 41.
Qf8 Qxe6 42. Nd4 Qc4 43. Nxf5 Qxb5 44. N5e3 a4 45. f5 a3 46. Qxa3 Bxf5 47. Qf8+
Bc8 48. Nxg4 Qc4 49. Nge3 Qe6 50. Nd5 Bd6 51. Qf2 Nc6 52. Nb6 Ne5 53. Bd5 Qf5
54. Qg2 Nd3 55. Qf3 Bc5 56. Qxf5 Bxf5 57. Na4 Bd4 58. Nd2 Bh3 59. Nb3 Be3 60.
Bg2 Nf2+ 61. Kg1 b5 62. Bc6 bxa4 63. Bxa4 Ne4+ 64. Kh1 Bg4 65. Kg2 Bd1 66. Nc5
Bxa4 67. Nxa4 Bd4 68. Kf3 Nf6 69. Kf4 Kc7 70. Kf5 Kc6 71. g4 Nxg4 72. Kxg4
1/2-1/2

[Event "Skakligaen 2004-05"]
[Site "Denmark"]
[Date "2005.03.06"]
[Round "6.3"]
[White "Hansen, Jacob Ost"]
[Black "Ochsner, Thomas"]
[Result "1-0"]
[WhiteElo "2443"]
[BlackElo "2366"]
[PlyCount "73"]
[EventDate "2004.11.06"]
[EventType "team"]
[EventRounds "7"]
[EventCountry "DEN"]
[SourceDate "2004.11.06"]
[WhiteTeam "K41"]
[BlackTeam "Skolerne"]
[WhiteTeamCountry "DEN"]
[BlackTeamCountry "DEN"]

1. g3 Nf6 2. Bg2 d5 3. Nf3 e6 4. O-O Be7 5. d3 b6 6. Nbd2 Bb7 7. Re1 c5 8. e4
Nc6 9. e5 Nd7 10. h4 Qc7 11. Qe2 b5 12. Nf1 a5 13. Bf4 b4 14. Ne3 Nd4 15. Nxd4
cxd4 16. Nxd5 Bxd5 17. Bxd5 Rc8 18. Rac1 O-O 19. Bc4 Nb6 20. b3 Qd7 21. Qg4 Kh8
22. Re4 Bc5 23. Rce1 Nd5 24. Bd2 Rcd8 25. Qe2 Nc3 26. Bxc3 dxc3 27. Rf4 Qa7 28.
Qf3 Rd4 29. Rxd4 Bxd4 30. Bxe6 Qc7 31. Qf4 Qa7 32. Bc4 Bc5 33. Re4 Qe7 34. d4
Bb6 35. d5 Bd8 36. d6 Qe8 37. e6 1-0

[Event "Skakligaen 2004-05"]
[Site "Denmark"]
[Date "2005.03.06"]
[Round "6.4"]
[White "Glud, Jakob Vang"]
[Black "Lund, Silas"]
[Result "0-1"]
[WhiteElo "2283"]
[BlackElo "2296"]
[PlyCount "88"]
[EventDate "2004.11.06"]
[EventType "team"]
[EventRounds "7"]
[EventCountry "DEN"]
[SourceDate "2004.11.06"]
[WhiteTeam "Skolerne"]
[BlackTeam "K41"]
[WhiteTeamCountry "DEN"]
[BlackTeamCountry "DEN"]

1. e4 e5 2. Nf3 Nc6 3. Bb5 Nf6 4. d3 d6 5. O-O g6 6. Re1 Bg7 7. Nbd2 O-O 8. Nf1
Bd7 9. c3 Nh5 10. Ng3 Nxg3 11. hxg3 Kh8 12. d4 Nxd4 13. Nxd4 exd4 14. Bxd7 dxc3
15. Ba4 cxb2 16. Bxb2 Bxb2 17. Rb1 Qf6 18. Re2 Bd4 19. Rxb7 Bb6 20. Qd5 Kg7 21.
Kh2 h5 22. Bc6 Rad8 23. Qd2 h4 24. g4 Qe5+ 25. Kh1 Qe6 26. Qg5 f6 27. Bd5 fxg5
28. Bxe6 Kf6 29. Bd5 Ke5 30. a4 a5 31. Kh2 h3 32. gxh3 Rf3 33. Kg2 Ra3 34. Bc6
Rh8 35. Rd2 Raxh3 36. Rd5+ Kf4 37. Rxb6 cxb6 38. Rxd6 Rh2+ 39. Kf1 Rf8 40. Kg1
Rxf2 41. Rd3 Rf3 42. Rxf3+ Kxf3 43. e5+ Kg3 44. e6 Rc8 0-1

[Event "Skakligaen 2004-05"]
[Site "Denmark"]
[Date "2005.03.06"]
[Round "6.5"]
[White "Schmidt, Kristen"]
[Black "Jacobsen, Bo"]
[Result "0-1"]
[WhiteElo "2352"]
[BlackElo "2254"]
[PlyCount "34"]
[EventDate "2004.11.06"]
[EventType "team"]
[EventRounds "7"]
[EventCountry "DEN"]
[SourceDate "2004.11.06"]
[WhiteTeam "K41"]
[BlackTeam "Skolerne"]
[WhiteTeamCountry "DEN"]
[BlackTeamCountry "DEN"]

1. e4 g6 2. d4 Bg7 3. Nc3 c6 4. Nf3 b5 5. e5 d6 6. Bf4 dxe5 7. Nxe5 Nf6 8. Qf3
O-O 9. Bxb5 Bb7 10. Rd1 Qb6 11. Bc4 c5 12. dxc5 Qxb2 13. c6 Nxc6 14. Nxf7 Na5
15. Qd3 Nxc4 16. Qxc4 Rxf7 17. Rb1 Bd5 0-1

[Event "Skakligaen 2004-05"]
[Site "Denmark"]
[Date "2005.03.06"]
[Round "6.6"]
[White "Rewitz, Poul"]
[Black "Olesen, Martin"]
[Result "1-0"]
[WhiteElo "2250"]
[BlackElo "2285"]
[PlyCount "102"]
[EventDate "2004.11.06"]
[EventType "team"]
[EventRounds "7"]
[EventCountry "DEN"]
[SourceDate "2004.11.06"]
[WhiteTeam "Skolerne"]
[BlackTeam "K41"]
[WhiteTeamCountry "DEN"]
[BlackTeamCountry "DEN"]

1. e4 c5 2. b3 Nc6 3. Bb2 Nf6 4. e5 Nd5 5. c4 Nf4 6. g3 Ne6 7. Bg2 Ned4 8. Nf3
Nxf3+ 9. Qxf3 Qc7 10. Qe4 e6 11. Nc3 b6 12. O-O Bb7 13. Nb5 Qb8 14. Qg4 a6 15.
Nd6+ Bxd6 16. exd6 Qxd6 17. Qxg7 O-O-O 18. Qh6 Rhg8 19. Qxh7 f5 20. f4 Nd4 21.
Bxb7+ Kxb7 22. Rf2 Rh8 23. Qg7 Rdg8 24. Bxd4 Rxg7 25. Bxg7 Rh7 26. Bc3 Qd3 27.
Bb2 Qc2 28. Be5 Kc6 29. d4 Qd3 30. dxc5 bxc5 31. Re1 a5 32. Rfe2 a4 33. Re3 Qd2
34. R3e2 Qb4 35. Rd1 axb3 36. axb3 d5 37. Ra1 dxc4 38. Ra6+ Kb5 39. Ra8 Rb7 40.
bxc4+ Kxc4 41. Ra1 Qb3 42. Rc1+ Kd5 43. Rd2+ Kc6 44. Kf2 Rb4 45. Bd6 Rd4 46.
Rxc5+ Kxd6 47. Rxd4+ Kxc5 48. Rd2 Kc4 49. Re2 Qb6+ 50. Kg2 Qb7+ 51. Kg1 Qc6 1-0

[Event "Skakligaen 2004-05"]
[Site "Denmark"]
[Date "2005.03.06"]
[Round "6.7"]
[White "Greger, Roland Reinhard"]
[Black "Christensen, Janus"]
[Result "1/2-1/2"]
[WhiteElo "2311"]
[BlackElo "2090"]
[PlyCount "88"]
[EventDate "2004.11.06"]
[EventType "team"]
[EventRounds "7"]
[EventCountry "DEN"]
[SourceDate "2004.11.06"]
[WhiteTeam "K41"]
[BlackTeam "Skolerne"]
[WhiteTeamCountry "DEN"]
[BlackTeamCountry "DEN"]

1. e4 e6 2. d4 d5 3. e5 c5 4. c3 Nc6 5. Nf3 Qb6 6. Be2 cxd4 7. cxd4 Nge7 8. Nc3
Nf5 9. Na4 Bb4+ 10. Bd2 Qa5 11. Bc3 Bd7 12. a3 Bxc3+ 13. Nxc3 Qb6 14. Na4 Qd8
15. Nc5 O-O 16. Rc1 Be8 17. b4 Qe7 18. g4 Nh4 19. Nxh4 Qxh4 20. O-O b6 21. Na6
Rc8 22. b5 Ne7 23. Rxc8 Nxc8 24. Qd3 f6 25. Qg3 Qh6 26. f4 fxe5 27. dxe5 Ne7
28. g5 Qg6 29. Bd3 Nf5 30. Qg4 Bxb5 31. Bxb5 Ne3 32. Qh3 Qe4 33. Rf3 Qb1+ 34.
Bf1 Nf5 35. Rb3 Qc1 36. Rb4 Rc8 37. Qd3 Rc3 38. Rb1 Qxa3 39. Qb5 Rc8 40. Nc7
Nd4 41. Qd7 Qe3+ 42. Kh1 Qe4+ 43. Kg1 Rf8 44. Nxe6 Qe3+ 1/2-1/2

[Event "Skakligaen 2004-05"]
[Site "Denmark"]
[Date "2005.03.06"]
[Round "6.8"]
[White "Lund, Jesper"]
[Black "Hartung Nielsen, Jens"]
[Result "0-1"]
[WhiteElo "2000"]
[BlackElo "2184"]
[PlyCount "66"]
[EventDate "2004.11.06"]
[EventType "team"]
[EventRounds "7"]
[EventCountry "DEN"]
[SourceDate "2004.11.06"]
[WhiteTeam "Skolerne"]
[BlackTeam "K41"]
[WhiteTeamCountry "DEN"]
[BlackTeamCountry "DEN"]

1. d4 d5 2. Nf3 c5 3. c3 e6 4. Bf4 Bd6 5. Bg3 Nf6 6. e3 Nc6 7. Bd3 Bxg3 8. hxg3
Qd6 9. Nbd2 e5 10. dxe5 Nxe5 11. Nxe5 Qxe5 12. Bb5+ Bd7 13. Qa4 Qe7 14. Nf3 O-O
15. O-O-O Bxb5 16. Qxb5 Rfd8 17. Qd3 h6 18. Rh4 Ne4 19. Qc2 b5 20. Rdh1 Rab8
21. g4 Rb6 22. Rh5 f6 23. Nh4 Ng5 24. Nf5 Qe4 25. Qe2 Qxg2 26. Ng3 Qf3 27. Qc2
Kf7 28. R5h4 Ne4 29. Nxe4 dxe4 30. c4 b4 31. Qa4 Rbd6 32. Qxa7+ Kg8 33. Qe7 Qe2
0-1

[Event "Skakligaen 2004-05"]
[Site "Denmark"]
[Date "2005.03.05"]
[Round "7.1"]
[White "Hansen, Sune Berg"]
[Black "Hillarp Persson, Tiger"]
[Result "1/2-1/2"]
[WhiteElo "2558"]
[BlackElo "2511"]
[PlyCount "39"]
[EventDate "2004.11.06"]
[EventType "team"]
[EventRounds "7"]
[EventCountry "DEN"]
[SourceDate "2004.11.06"]
[WhiteTeam "Helsingor"]
[BlackTeam "Bronshoj"]
[WhiteTeamCountry "DEN"]
[BlackTeamCountry "DEN"]

1. e4 g6 2. d4 Bg7 3. Nf3 d6 4. c3 Nf6 5. Bd3 O-O 6. O-O Nc6 7. Re1 e5 8. h3 h6
9. a4 Nd7 10. dxe5 Ncxe5 11. Nxe5 Nxe5 12. Bf1 Be6 13. Na3 Re8 14. Bf4 a6 15.
Nc2 Bd7 16. Nd4 c5 17. Nc2 Bc6 18. a5 d5 19. exd5 Qxd5 20. Ne3 1/2-1/2

[Event "Skakligaen 2004-05"]
[Site "Denmark"]
[Date "2005.03.05"]
[Round "7.2"]
[White "Hoi, Carsten"]
[Black "Aagaard, Jacob"]
[Result "1/2-1/2"]
[WhiteElo "2375"]
[BlackElo "2459"]
[PlyCount "39"]
[EventDate "2004.11.06"]
[EventType "team"]
[EventRounds "7"]
[EventCountry "DEN"]
[SourceDate "2004.11.06"]
[WhiteTeam "Bronshoj"]
[BlackTeam "Helsingor"]
[WhiteTeamCountry "DEN"]
[BlackTeamCountry "DEN"]

1. d4 Nf6 2. c4 e6 3. Nf3 b6 4. Nc3 Bb7 5. a3 Be7 6. d5 O-O 7. e4 exd5 8. cxd5
Re8 9. Bd3 c6 10. O-O cxd5 11. exd5 Na6 12. Re1 Nc7 13. Bc4 b5 14. Bb3 b4 15.
axb4 Bxb4 16. Bg5 Rxe1+ 17. Nxe1 h6 18. Bh4 Bxc3 19. bxc3 g5 20. Bg3 1/2-1/2

[Event "Skakligaen 2004-05"]
[Site "Denmark"]
[Date "2005.03.05"]
[Round "7.3"]
[White "Holmsgaard, Henrik"]
[Black "Pilgaard, Kim"]
[Result "1/2-1/2"]
[WhiteElo "2319"]
[BlackElo "2400"]
[PlyCount "106"]
[EventDate "2004.11.06"]
[EventType "team"]
[EventRounds "7"]
[EventCountry "DEN"]
[SourceDate "2004.11.06"]
[WhiteTeam "Helsingor"]
[BlackTeam "Bronshoj"]
[WhiteTeamCountry "DEN"]
[BlackTeamCountry "DEN"]

1. e4 e5 2. Bc4 Nf6 3. d3 Nc6 4. Nc3 Bb4 5. Nge2 d5 6. exd5 Nxd5 7. O-O Nxc3 8.
Nxc3 O-O 9. f4 Na5 10. Bb3 Nxb3 11. axb3 exf4 12. Bxf4 Be6 13. d4 c6 14. Ne4
Bd5 15. Qd3 Be7 16. Rad1 Bxe4 17. Qxe4 Bf6 18. Be5 Bxe5 19. dxe5 Qe7 20. Rd6
Rae8 21. Re1 f6 22. Qc4+ Kh8 23. Qg4 fxe5 24. Rd7 Qc5+ 25. Kh1 Re7 26. Rxe7
Qxe7 27. h3 h6 28. Qe4 Rf2 29. Re2 Rxe2 30. Qxe2 e4 31. Kg1 Qc5+ 32. Kf1 Qd5
33. Ke1 a5 34. Qf2 b5 35. Ke2 a4 36. bxa4 bxa4 37. Qf8+ Kh7 38. Qe8 Qb5+ 39.
Kd2 Qg5+ 40. Kd1 Qxg2 41. Qxc6 Qh1+ 42. Ke2 Qf3+ 43. Ke1 Qe3+ 44. Kd1 Qd4+ 45.
Ke2 e3 46. Kf3 Qe5 47. Qd7 h5 48. Qd3+ g6 49. Qxe3 Qf5+ 50. Kg3 Qxc2 51. Qe7+
Kg8 52. Qe8+ Kg7 53. Qe7+ Kh6 1/2-1/2

[Event "Skakligaen 2004-05"]
[Site "Denmark"]
[Date "2005.03.05"]
[Round "7.4"]
[White "Bromann, Thorbjorn"]
[Black "Larsen, Ole Bogh"]
[Result "1-0"]
[WhiteElo "2339"]
[BlackElo "2235"]
[PlyCount "83"]
[EventDate "2004.11.06"]
[EventType "team"]
[EventRounds "7"]
[EventCountry "DEN"]
[SourceDate "2004.11.06"]
[WhiteTeam "Bronshoj"]
[BlackTeam "Helsingor"]
[WhiteTeamCountry "DEN"]
[BlackTeamCountry "DEN"]

1. e4 e6 2. d4 d5 3. Nc3 Bb4 4. Bd3 dxe4 5. Bxe4 Nf6 6. Bd3 c5 7. Nf3 O-O 8.
O-O cxd4 9. Nxd4 b6 10. Qf3 Nd5 11. Nce2 Na6 12. c4 Ndc7 13. Be4 Bd7 14. Bxa8
Qxa8 15. Qxa8 Rxa8 16. Rd1 f6 17. Nc2 Be8 18. Nxb4 Nxb4 19. Bd2 Nc6 20. Be3 Kf7
21. Nc3 Nb4 22. Rd2 Rc8 23. Ne4 Ke7 24. Nd6 Rd8 25. Rad1 Nc6 26. Nxe8 Rxd2 27.
Rxd2 Nxe8 28. b3 e5 29. a4 f5 30. f4 h6 31. fxe5 Ke6 32. c5 bxc5 33. Bxc5 a6
34. Bd6 a5 35. Kf2 g5 36. Ke3 Nxe5 37. Bxe5 Kxe5 38. Rc2 Kd6 39. Rc8 Nf6 40.
Kd4 f4 41. Ra8 Ng4 42. Rxa5 1-0

[Event "Skakligaen 2004-05"]
[Site "Denmark"]
[Date "2005.03.05"]
[Round "7.5"]
[White "Jorgensen, Michael"]
[Black "Brinck Claussen, Bjorn"]
[Result "1/2-1/2"]
[WhiteElo "2192"]
[BlackElo "2306"]
[PlyCount "83"]
[EventDate "2004.11.06"]
[EventType "team"]
[EventRounds "7"]
[EventCountry "DEN"]
[SourceDate "2004.11.06"]
[WhiteTeam "Helsingor"]
[BlackTeam "Bronshoj"]
[WhiteTeamCountry "DEN"]
[BlackTeamCountry "DEN"]

1. d4 d5 2. c4 e6 3. Nc3 c5 4. cxd5 exd5 5. Nf3 Nc6 6. g3 Nf6 7. Bg2 Be7 8. O-O
O-O 9. Bg5 cxd4 10. Nxd4 h6 11. Be3 Re8 12. Qa4 Bd7 13. Rad1 Na5 14. Qc2 Rc8
15. Qd3 Nc4 16. Bc1 Ne5 17. Qb1 Bg4 18. h3 Bh5 19. Qc2 Bb4 20. Qb3 Bxc3 21.
bxc3 Nc4 22. g4 Na5 23. Qb5 a6 24. Qd3 Bg6 25. Nf5 Bxf5 26. Qxf5 Rxe2 27. g5
hxg5 28. Bxg5 Qd7 29. Qf3 Re6 30. h4 Ne4 31. Qf5 Nxg5 32. hxg5 Rc5 33. Rd3 g6
34. Qf4 Qc7 35. Qd4 Rc4 36. Qxd5 Re5 37. Qf3 Rxg5 38. Qf6 Rxg2+ 39. Kxg2 Qc6+
40. Qxc6 Nxc6 41. f4 Ra4 42. Rf2 1/2-1/2

[Event "Skakligaen 2004-05"]
[Site "Denmark"]
[Date "2005.03.05"]
[Round "7.6"]
[White "Carstensen, Jacob"]
[Black "Nielsen, Nicholas Roland"]
[Result "1/2-1/2"]
[WhiteElo "2290"]
[BlackElo "2195"]
[PlyCount "109"]
[EventDate "2004.11.06"]
[EventType "team"]
[EventRounds "7"]
[EventCountry "DEN"]
[SourceDate "2004.11.06"]
[WhiteTeam "Bronshoj"]
[BlackTeam "Helsingor"]
[WhiteTeamCountry "DEN"]
[BlackTeamCountry "DEN"]

1. d4 Nf6 2. c4 g6 3. Nc3 Bg7 4. Nf3 d6 5. g3 O-O 6. Bg2 c6 7. O-O Qa5 8. h3
Be6 9. d5 cxd5 10. Nd4 dxc4 11. Nxe6 fxe6 12. Bxb7 Nbd7 13. Bxa8 Rxa8 14. Rb1
Nc5 15. Bd2 Qa6 16. b4 Nce4 17. a4 d5 18. b5 Qd6 19. Nxe4 Nxe4 20. Bb4 Qc7 21.
Kg2 Rf8 22. Be1 Nc3 23. Bxc3 Bxc3 24. e3 Rd8 25. h4 e5 26. h5 d4 27. hxg6 Qb7+
28. Qf3 Qxf3+ 29. Kxf3 hxg6 30. Rbc1 Kf7 31. Ke4 Ke6 32. Rc2 Kd6 33. Rb1 Kc5
34. Kxe5 d3+ 35. Rxc3 d2 36. b6 d1=Q 37. Rxd1 Rxd1 38. bxa7 Rd8 39. Rc1 Ra8 40.
Rb1 c3 41. Rb7 Kc4 42. Rxe7 c2 43. Rc7+ Kb3 44. Kf6 Rxa7 45. Rxc2 Kxc2 46. e4
Ra6+ 47. Kf7 g5 48. f4 gxf4 49. gxf4 Rxa4 50. f5 Kd3 51. e5 Ke4 52. e6 Kxf5 53.
e7 Re4 54. e8=Q Rxe8 55. Kxe8 1/2-1/2

[Event "Skakligaen 2004-05"]
[Site "Denmark"]
[Date "2005.03.05"]
[Round "7.8"]
[White "Aabling Thomsen, Jakob"]
[Black "Dalsberg, Sandra de Blecourt"]
[Result "1-0"]
[WhiteElo "2128"]
[BlackElo "2066"]
[PlyCount "59"]
[EventDate "2004.11.06"]
[EventType "team"]
[EventRounds "7"]
[EventCountry "DEN"]
[SourceDate "2004.11.06"]
[WhiteTeam "Bronshoj"]
[BlackTeam "Helsingor"]
[WhiteTeamCountry "DEN"]
[BlackTeamCountry "DEN"]

1. e4 e6 2. d4 d5 3. Nc3 Nf6 4. Bg5 Bb4 5. e5 h6 6. Bd2 Bxc3 7. bxc3 Ne4 8. Bd3
Bd7 9. Qg4 g6 10. Bxe4 dxe4 11. Ne2 c5 12. Ng3 Bc6 13. O-O cxd4 14. Rad1 h5 15.
Qf4 g5 16. Qxg5 Qxg5 17. Bxg5 h4 18. Rxd4 Nd7 19. Nxe4 Bxe4 20. Rxe4 h3 21. Rd1
Rg8 22. f4 Rc8 23. Red4 Rc7 24. gxh3 f6 25. exf6 e5 26. Rd6 exf4 27. f7+ Kxf7
28. Rxd7+ Rxd7 29. Rxd7+ Ke6 30. Re7+ 1-0